Countries With The Most Cows - Statistics

General Stats
  • This quiz has been taken 54 times
  • The average score is 13 of 15
Answer Stats
Estimated Amount Country % Correct
219 million cows Brazil
100%
91.8 million cows United States
100%
51.99 million cows Argentina
98%
16.45 million cows Mexico
98%
26.15 million cows Australia
95%
100.2 million cows China
95%
301.6 million cows India
95%
11.27 million cows Canada
93%
18.66 million cows Russia
90%
9.38 million cows United Kingdom
88%
9.65 million cows New Zealand
83%
3.97 million cows Japan
78%
8.13 million cows Egypt
63%
4.08 million cows South Korea
48%
12.06 million cows Uruguay
40%
No matching quizzes found
Score Distribution
Percent of People with Each Score
Percentile by Number Answered
Your Score History
You have not taken this quiz